| 000 | 00337nam a22001337a 4500 | ||
|---|---|---|---|
| 999 |
_c15418 _d15418 |
||
| 020 | _a9789384337049 | ||
| 082 |
_a639.3 _bMIS/TE |
||
| 100 |
_aMishre, Rabinarayan _93108 |
||
| 245 | _aText book on aquaculture engineering | ||
| 260 |
_aDelhi _bNarendra Publishing House _c2015 |
||
| 300 | _a330p | ||
| 700 |
_aDora, K.C _93109 |
||
| 942 | _cBK | ||